000 00600nam a2200145Ia 4500
008 100204s9999 xx 000 0 und d
082 _b18002
100 _aशिखरे द. ना.
245 _aमहात्मा गांधीची अमृतवाणी
260 _b"महाराष्ट्र गांधी स्मारक निधी , पुणे"
_c1994 2
300 _a46
630 _aमहात्मा गांधीची अमृतवाणी
730 _aमहात्मा गांधीची अमृतवाणी
942 _cBOOK
999 _c462425
_d462422